Statistics for Tokyo 2020 Paralympics Medal-Winning Countries (Swimming)

Click here to take the quiz!

General Stats

  • This quiz has been taken 18 times
  • The average score is 22 of 35

Answer Stats

Answer% Correct
Australia
100%
China
92%
France
92%
Great Britain
92%
Italy
92%
Japan
92%
RPC
92%
Spain
92%
United States
92%
Brazil
85%
Canada
85%
Germany
85%
Argentina
77%
Mexico
69%
Ukraine
69%
Greece
62%
Hungary
62%
Ireland
62%
Netherlands
62%
New Zealand
62%
Poland
62%
Chile
54%
Colombia
54%
Czech Republic
54%
Turkey
54%
Croatia
46%
Israel
46%
Switzerland
46%
Singapore
38%
Belarus
31%
Cyprus
31%
Lithuania
31%
Azerbaijan
23%
Kazakhstan
23%
Uzbekistan
23%

Score Distribution

Percentile by Number Answered

Percent of People with Each Score

Your Score History

You have not taken this quiz